Landen die Nederlands spreken - Statistieken

Algemene statistieken
  • Deze quiz is 2.726 keer genomen
  • De gemiddelde score is 7 van 11
Antwoordstatistieken
Type Landen % Correct
Officieel Nederland
99%
Officieel België
98%
Officieel Suriname
86%
Minderheid Zuid-Afrika
79%
Minderheid Duitsland
74%
Minderheid Frankrijk
65%
Minderheid Indonesië
65%
Minderheid Verenigde Staten
55%
Minderheid Canada
43%
Minderheid Nieuw-Zeeland
28%
Minderheid Namibië
25%
Geen overeenkomende quizzen gevonden
Scoreverdeling
Procent van Mensen met Elke Score
Percentiel versus Aantal Correcte Antwoorden
Uw Scoregeschiedenis
U heeft deze quiz nog niet genomen